=LDR 00000nam 2200000 4500 =001 INLIS000000000025758 =005 20130612124237 =008 ***********************************Ind** =035 ##$$0010-061300000025758 =041 ##$$a Ind =082 ##$$a From k =090 ##$$a From k, Syi t =100 ##$$a Syirareh =245 ##$$a Tikus kecil dan sebutir jagung, Syirareh =260 ##$$a 1993 $b Bandung =300 ##$$a 27 hlm, ilus, 27 cm =650 ##$$a Komik =850 ##$$a NBPNMAT